000 00673nam a2200229Ia 4500
008 191130s2001##################000#0#eng##
020 _a9780130281289
022 _a32640
040 _aACL
_cACL
082 _a658.155 THU
100 _aThuesen, G. J
245 _aEngineering economy
_cG.J. Thuesen, W.J. Fabrycky
250 _a9th ed
260 _aUpper Saddle River, NJ
_bPrentice Hall
_c2001
300 _axiv, 637 p. : ill. ; 25 cm
500 _aIncludes bibliographical references (p. 619-621) and index
650 _aEngineering economy
700 _aFabrycky, W. J
990 _a9ba4e37aac10000c78a79ecd7dadbe31
991 _a210841
999 _c260200
_d260200